Central Library OPAC University of Rajshahi

লালন ও তাঁর গান / (Record no. 36753)

MARC details
000 -LEADER
fixed length control field 00823nam a2200229 a 4500
001 - CONTROL NUMBER
control field 36753
003 - CONTROL NUMBER IDENTIFIER
rucl marc code BD-RjUL
005 - DATE AND TIME OF LATEST TRANSACTION
control field 20211209052533.0
008 - FIXED-LENGTH DATA ELEMENTS--GENERAL INFORMATION
fixed length control field 140828s19801978ii |||| |||| 000 0 ben d
020 ## - INTERNATIONAL STANDARD BOOK NUMBER
Terms of availability Tk. 10.00
035 ## - SYSTEM CONTROL NUMBER
System control number (BD-RjUL)36855
040 ## - CATALOGING SOURCE
Original cataloging agency BD-RjUL
Language of cataloging ben
Transcribing agency BD-RjUL
041 ## - LANGUAGE CODE
Language code of text/sound track or separate title ben
082 ## - DEWEY DECIMAL CLASSIFICATION NUMBER
Classification number 782.42162
Author mark and year RAL 1980
100 ## - MAIN ENTRY--PERSONAL NAME
Personal name রায়, অন্নদাশঙ্কর
9 (RLIN) 112112
245 10 - TITLE STATEMENT
Title লালন ও তাঁর গান /
Statement of responsibility, etc. অন্নদাশঙ্কর রায়
260 ## - PUBLICATION, DISTRIBUTION, ETC. (IMPRINT)
Place of publication, distribution, etc. কলকাতা :
Name of publisher, distributor, etc. শৈব্যা প্রকাশন বিভাগ,
Date of publication, distribution, etc. ১৯৭৮ [মুদ্রণ ১৯৮০]
300 ## - PHYSICAL DESCRIPTION
Pagination xii, ৮৪ পৃ. ;
Size ২২ সেমি.
650 ## - SUBJECT ADDED ENTRY--TOPICAL TERM
Topical term or geographic name as entry element লোক সঙ্গীত
9 (RLIN) 112113
Topical term or geographic name as entry element Folk Songs
9 (RLIN) 112114
942 ## - ADDED ENTRY ELEMENTS (KOHA)
Source of classification or shelving scheme Dewey Decimal Classification
Koha item type Books
Holdings
Lost status Source of classification or shelving scheme Damaged status Not for loan Collection code Permanent Location Current Location Shelving location Date acquired Source of acquisition Cost, normal purchase price Total Checkouts Full call number Date last seen Date checked out Copy number Koha item type
  Dewey Decimal Classification     Non-fiction Central Library, University of Rajshahi Central Library, University of Rajshahi   08/12/1983 Tulip Enterprise, Dhaka 10.00 1 B 782.42162 RAL 1980 23/07/2023 20/07/2023 C-4 Books
  Dewey Decimal Classification   Not For Loan Non-fiction Central Library, University of Rajshahi Central Library, University of Rajshahi Reading Room 22/09/1981 Kolikata, India International 10.00   B 782.42162 RAL 1980 08/12/2016   C-1 Books